Coupes du Monde de Football: Colombie - Statistiques

Statistiques générales
  • Ce quiz a été pris 142 fois
    94 depuis la dernière actualisation
  • Le résultat moyen est 12 sur 17
Statistiques - réponses
Réponse % Correct
Brésil
97%
Japon
89%
Angleterre
85%
Pologne
85%
RFA
85%
Etats-Unis
84%
Uruguay
81%
URSS
80%
Cameroun
65%
Sénégal
65%
Yougoslavie
65%
Suisse
64%
Côte d'Ivoire
59%
Grèce
59%
Roumanie
59%
Tunisie
43%
Emirats Arabes Unis
15%
Aucun quiz correspondant
Distribution des résultats
% des personnes avec chaque résultat
Percentile par nombre de réponses
Votre historique - résultats
Vous n’avez pas pris ce quiz depuis la dernière actualisation